Ephesians, the mystery of the church: (Record no. 5859)

000 -LEADER
fixed length control field 00600nam a2200181 a 4500
001 - CONTROL NUMBER
control field :::00003601$&:&@@
003 - CONTROL NUMBER IDENTIFIER
control field OkBaRHE
005 - DATE AND TIME OF LATEST TRANSACTION
control field 20000607103308.0
008 - FIXED-LENGTH DATA ELEMENTS--GENERAL INFORMATION
fixed length control field s1968 j 000 0 eng u
040 ## - CATALOGING SOURCE
Transcribing agency
100 1# - MAIN ENTRY--PERSONAL NAME
Personal name MacDonald, William, 1917-
245 10 - TITLE STATEMENT
Title Ephesians, the mystery of the church:
Remainder of title a commentary.
260 ## - PUBLICATION, DISTRIBUTION, ETC. (IMPRINT)
Place of publication, distribution, etc Wheaton, IL., :
Name of publisher, distributor, etc Harold Shaw Publishers
Date of publication, distribution, etc c1968
300 ## - PHYSICAL DESCRIPTION
Extent 144 p. ;
Dimensions 22 cm.
650 ## - SUBJECT ADDED ENTRY--TOPICAL TERM
Topical term or geographic name as entry element Bible New Testament Ephesians
General subdivision Commentaries
942 ## - ADDED ENTRY ELEMENTS (KOHA)
Source of classification or shelving scheme
Koha item type Books
Copies
Total Renewals Current Location Not for loan Copy number Date checked out Date last seen Full call number Lost status Damaged status Total Checkouts Barcode Withdrawn status Koha item type Permanent Location Date acquired Shelving location Price effective from Source of classification or shelving scheme
1RHEMA Bible Training College 12015-09-292018-04-03BS 2695.3 .M3  23601 BooksRHEMA Bible Training College2010-04-14General Stacks2010-04-14